| 000 | 00565nam a22002057a 4500 | ||
|---|---|---|---|
| 003 | CEME | ||
| 005 | 20210628202606.0 | ||
| 008 | 210115b xxu||||| |||| 00| 0 eng d | ||
| 020 | _a9789332518124 | ||
| 040 | _c. | ||
| 082 | _a519.50285536 GEO | ||
| 100 |
_aGeorge, Darren _960640 |
||
| 245 | _aSpss for windows step by step,a simple guide and reference 18.0 update | ||
| 250 | _a11TH | ||
| 260 |
_aINDIA _bPEARSON EDUCATION _c2014 |
||
| 300 | _a385p | ||
| 650 |
_aSPSS FOR WINDOWS STEP BY STEP _960641 |
||
| 700 |
_aMallery, Paul _960642 |
||
| 942 |
_cBK _2ddc |
||
| 999 |
_c570324 _d570324 |
||